| 000 | 00703nam a2200217Ia 4500 | ||
|---|---|---|---|
| 003 | GCL | ||
| 008 | 140319s9999 xx 000 0 ara d | ||
| 020 | _a9068409960 | ||
| 040 |
_aGCL / _cGCL |
||
| 082 | 0 | 4 |
_a216 _bل ن |
| 100 | 1 | _aلخضر شايب | |
| 245 | 1 | 0 |
_aنبوة محمد (ص) فى الفكر الاستشراقى المعاصر / _cلخضر شايب |
| 250 | _aالاولى | ||
| 260 |
_aالرياض : _bمكتبة العبيكان ، _c2002 |
||
| 300 |
_a621ص ؛ _c25 سم |
||
| 650 | 0 | 4 | _aالسيرة النبوية |
| 650 | 0 | 4 | _aالاستشراق والمستشرقون |
| 650 | 0 | 4 | _aالمستشرقون |
| 650 | 0 | 4 | _aالاسلام - دفع مطاعن |
| 942 |
_2ddc _cBK |
||
| 999 |
_c56729 _d56729 |
||